Deus não é grande (Registo nº 198857)

Detalhes MARC
000 -Etiqueta do registo
Valores 00784nam 22002533 4500
010 ## - Número ISBN
ISBN 978-972-20-3467-8
021 ## - Número do Depósito Legal
Código do país Portugal
Número 266 619/07
100 ## - Dados gerais de processamento
Dados gerais 20251106d u||y0pory50 ba
101 ## - Língua de publicação
Língua Português
102 ## - País de publicação
País Portugal
200 ## - Titulo e menção de responsabilidade
Título próprio Deus não é grande
Informação de outro título como a religião envenena tudo
Primeira menção de responsabilidade Christopher Hitchens
Outras menções de responsabilidade tradução de Isabel Veríssimo
205 ## - Menção da edição
Edição
210 ## - Publicação
Local de publicação Lisboa
Nome do editor Dom Quixote
Data de publicação 2007
215 ## - Descrição física 
Paginação / Volumes 357 p.
Outras indicações físicas brochado
Dimensões 24 cm
304 ## - Nota relativa ao título
Texto de nota . - Título original: God is not great - how religion poisons everything<br/>
606 ## - Nome comum usado como assunto
ID Autoridade 34
Palavra de ordem Religião. Teologia
675 ## - CDU
Notação 2
Edição PT
Língua por
700 ## - Autor principal (pessoa individual)
ID Autoridade 14767
Apelido Hitchens
Nome Christopher
Datas 1949-2011
702 ## - Autor secundário (pessoa individual)
ID Autoridade 10771
Apelido Veríssimo
Nome Isabel
801 ## - Fonte de origem
País PT
Agência BMMN
Regras de catalogação RPC
830 ## - Notas gerais do catalogador
Criado por Ana
Indexado por Ana
990 ## - Elementos KOHA
Tipo de documento Livro
Exemplares
Situação do levantamento Biblioteca de origem Código de barras Cota Permissão de empréstimo Tipo de documento Forma de aquisição
  Biblioteca Municipal de Montemor-o-Novo 27424 2 HIT|DEP   Livro Compra

Powered by Koha